000 00620nam a2200241Ia 4500
003 OSt
005 20220924132541.0
006 a|||||r|||| 00| 0
007 ta
008 220923b |||||||| |||| 00| 0 san d
024 _a63873
037 _cTextual
040 _aARTS
_cARTS
_bsan
041 _2san
_asan
082 _aQ22:227, 15K4
100 _aVedavyasa
_9204523
245 0 _aGaruda puranam ed by Ram Shankar Bhattacharya
260 _c1964
490 _aKashi sanskrit series; 165
650 _aRELIGION
942 _hQ22:227, 15K4
_cTEXL
_2CC
999 _c430693
_d430693